|
|
|
|
| LEADER |
01428nam a2200421 a 4500 |
| 001 |
000549940 |
| 003 |
CZ BrMZK |
| 005 |
20090629062158.0 |
| 007 |
ta |
| 008 |
010907s2000 xr e f cze d |
| 020 |
|
|
|a 80-7226-291-2
|
| 040 |
|
|
|a BOA001
|b cze
|
| 072 |
|
7 |
|a 004.4/.6
|x Programování. Software
|2 Konspekt
|9 23
|
| 080 |
|
|
|a 004.451.9Windows Server
|2 MRF
|
| 080 |
|
|
|a 004.72:004.451
|2 MRF
|
| 080 |
|
|
|a 004.455.2
|2 MRF
|
| 080 |
|
|
|a (035)
|2 MRF
|
| 245 |
0 |
0 |
|a Microsoft Windows 2000 Server.
|p Internetworking /
|c [odpovědný redaktor: Ivo Magera]
|
| 246 |
3 |
3 |
|a Internetworking
|
| 246 |
3 |
|
|a Windows 2000 Server
|
| 250 |
|
|
|a Vyd. 1.
|
| 260 |
|
|
|a Praha :
|b Computer Press,
|c 2000
|
| 300 |
|
|
|a xxxiv, 800 s. :
|b il. ;
|c 23 cm
|
| 490 |
1 |
|
|a Všechny cesty k informacím
|
| 490 |
1 |
|
|a Operační systémy
|
| 490 |
1 |
|
|a Profi
|
| 650 |
0 |
7 |
|a Microsoft Windows 2000 Server
|7 ph117878
|2 czenas
|
| 650 |
0 |
7 |
|a síťové operační systémy
|7 ph126395
|2 czenas
|
| 650 |
0 |
7 |
|a serverový software
|7 ph125490
|2 czenas
|
| 655 |
|
7 |
|a příručky
|7 fd133209
|2 czenas
|
| 700 |
1 |
|
|a Magera, Ivo,
|d 1968-
|7 jn20010309436
|
| 765 |
0 |
|
|t Microsoft Windows Server Resource Kit
|
| 830 |
|
0 |
|a Všechny cesty k informacím
|
| 830 |
|
0 |
|a Operační systémy
|0 s
|
| 830 |
|
0 |
|a Profi
|0 s
|
| 910 |
|
|
|a BOA001
|b 2-1082.080
|
| 990 |
|
|
|a BK
|
| 996 |
6 |
|
|b 2610129157
|c 2-1082.080
|l MZK
|r Sklad / do 1 hodiny
|n 1
|p p.v.
|w 000549940
|u 000010
|a 1
|e BOA001
|j MZK50
|s P
|